Quizzes
Events
Quiz Creation
Community
Videos
Private Events
Remove Ads
Sign In
Join for FREE
Feedback
Dark Mode
Quiz Categories
Sports
Geography
Music
Movies
Television
Just For Fun
Miscellaneous
History
Literature
Language
Science
Gaming
Entertainment
Religion
Holiday
For Kids
Quiz Lab
Recent
Popular Today
Quiz Kudos Today
Editor Picks
Curator Picks
Quizzes by...
Day
Popularity
Type
Ratings
Length
Year
Community
Subscriptions
Recent Discussions
Orange Saloon
Badges
Playlists
Quests
Create
Leaderboards
Showdown
Live 5
Trivia Bingo
Activity
Puzzle Library
Sporcle Events
Private Events
Virtual Trivia
Globe League
Become a Host
Pub Owners
SporcleCon
Opinionation
Our Games
Videos
Blog
Mobile Apps
Partnerships
Remove Ads and Go Orange
Feedback
Music
Pop Music
The Beatles
Song
Album
Lyrics
Bands
Singers
Artist
Clip
Rock
Rap
Classical
Billboard
Country Music
Kpop
Taylor Swift
Music
Pop Music
The Beatles
Song
Album
Lyrics
Bands
Singers
Artist
Clip
Rock
Rap
Classical
Billboard
Country Music
Kpop
Taylor Swift
Random Quiz
Search Sporcle
×
Editor Pick
Editor Pick
Music
Album
Type in answers that appear in a list
Type in answers that appear in a list
Classic
Best Score? Go Orange.
Best Of New Wave Lists Stats
Can you name the best of New Wave according to 'The Encyclopedia Of New Wave'?
By
Talkinghead
15m
120 Questions
2,072 Plays
2,072 Plays
2,072 Plays
Comments
Comments
Give Quiz Kudos
Give Quiz Kudos
-
- Ratings
hide this ad
Replay
Link that replays current quiz
Next Quiz
Link to next quiz in quiz playlist
You Got
0%
They Got
Avg Score
38%
Avg Friend Score
Upgrade to see
Score Distribution
Jump to the score distribution portion of the page
Score
0/120
Timer
15:00
1
Play Today
List
Song/Album
% Correct
Ten Best New Wave Singles
Tainted Love
91.8%
Fifty Most Essential New Wave Singles
Tainted Love
91.8%
Ten Most Synthesized New Wave Singles Of All Time
Tainted Love
91.8%
Fifty Most Essential New Wave Singles
Take On Me
86.5%
Ten Guiltiest Pleasure New Wave Songs
Take On Me
86.5%
Ten Best New Wave Singles
Call Me
79%
Fifty Most Essential New Wave Singles
Cars
77%
Ten Most Synthesized New Wave Singles Of All Time
Cars
77%
Top Twenty Essential New Wave Albums
The Cars
77%
Fifty Most Essential New Wave Singles
The Safety Dance
74.7%
Ten Guiltiest Pleasure New Wave Songs
The Safety Dance
74.7%
Fifty Most Essential New Wave Singles
Rock Lobster
71.8%
Fifty Most Essential New Wave Singles
Whip It
71.8%
Ten Weirdest New Wave Singles
Rock Lobster
71.8%
Fifty Most Essential New Wave Singles
Sweet Dreams (Are Made Of This)
70.5%
Ten Most Synthesized New Wave Singles Of All Time
Sweet Dreams (Are Made Of This)
70.5%
Fifty Most Essential New Wave Singles
I Ran (So Far Away)
70.3%
Ten Most Synthesized New Wave Singles Of All Time
I Ran (So Far Away)
70.3%
Fifty Most Essential New Wave Singles
Don't You Want Me
66.9%
Ten Most Synthesized New Wave Singles Of All Time
Don't You Want Me
66.9%
Ten Best New Wave Singles
867-5309/Jenny
63.6%
Fifty Most Essential New Wave Singles
867-5309/Jenny
63.6%
Ten Most Rockin' New Wave Singles
867-5309/Jenny
63.6%
Fifty Most Essential New Wave Singles
She Blinded Me With Science
60.2%
Ten Most Synthesized New Wave Singles Of All Time
She Blinded Me With Science
60.2%
Fifty Most Essential New Wave Singles
Mickey
57.5%
Fifty Most Essential New Wave Singles
Video Killed The Radio Star
57%
Fifty Most Essential New Wave Singles
Turning Japanese
57%
Ten Most Rockin' New Wave Singles
Turning Japanese
57%
Fifty Most Essential New Wave Singles
You Spin Me Round (Like A Record)
54.9%
Ten Guiltiest Pleasure New Wave Songs
You Spin Me Round (Like A Record)
54.9%
Fifty Most Essential New Wave Singles
Kids In America
49.5%
Ten Most Rockin' New Wave Singles
Kids In America
49.5%
Fifty Most Essential New Wave Singles
My Sharona
49.2%
Fifty Most Essential New Wave Singles
I Want Candy
48.3%
Fifty Most Essential New Wave Singles
I Melt With You
47.7%
Ten Guiltiest Pleasure New Wave Songs
I Melt With You
47.7%
Ten Best New Wave Singles
How Soon Is Now?
47.1%
Fifty Most Essential New Wave Singles
How Soon Is Now?
47.1%
Fifty Most Essential New Wave Singles
Mexican Radio
46.9%
List
Song/Album
% Correct
Ten Weirdest New Wave Singles
Mexican Radio
46.9%
Fifty Most Essential New Wave Singles
I Don't Like Mondays
46.9%
Fifty Most Essential New Wave Singles
Rio
45.9%
Fifty Most Essential New Wave Singles
Do You Really Want To Hurt Me
44.7%
Ten Best New Wave Singles
Message In A Bottle
43.3%
Ten Best New Wave Singles
Is She Really Going Out With Him?
42.6%
Fifty Most Essential New Wave Singles
Girls Just Want To Have Fun
41.6%
Fifty Most Essential New Wave Singles
Forever Young
41.5%
Ten Guiltiest Pleasure New Wave Songs
Forever Young
41.5%
Ten Guiltiest Pleasure New Wave Songs
Major Tom
40.9%
Ten Most Rockin' New Wave Singles
What I Like About You
40.4%
Fifty Most Essential New Wave Singles
We Got The Beat
40.2%
Ten Best New Wave Singles
Just What I Needed
39.7%
Fifty Most Essential New Wave Singles
Just What I Needed
39.7%
Ten Most Rockin' New Wave Singles
Just What I Needed
39.7%
Ten Best New Wave Singles
The Killing Moon
38.7%
Fifty Most Essential New Wave Singles
The Killing Moon
38.7%
Fifty Most Essential New Wave Singles
Goody Two Shoes
38.2%
Fifty Most Essential New Wave Singles
I Know What Boys Like
37.3%
Ten Weirdest New Wave Singles
I Know What Boys Like
37.3%
Ten Guiltiest Pleasure New Wave Songs
Just Can't Get Enough
35.2%
Fifty Most Essential New Wave Singles
One Way Or Another
34.3%
Ten Most Rockin' New Wave Singles
One Way Or Another
34.3%
Ten Most Rockin' New Wave Singles
Rock This Town
34.2%
Fifty Most Essential New Wave Singles
Mad World
34%
Ten Most Synthesized New Wave Singles Of All Time
Mad World
34%
Ten Guiltiest Pleasure New Wave Songs
The Metro
33.7%
Ten Most Rockin' New Wave Singles
Dancing With Myself
32.8%
Fifty Most Essential New Wave Singles
Break My Stride
31.4%
Ten Guiltiest Pleasure New Wave Songs
Break My Stride
31.4%
Ten Best New Wave Singles
Back On The Chain Gang
31.1%
Fifty Most Essential New Wave Singles
99 Luftballons
27.8%
Fifty Most Essential New Wave Singles
Under The Milky Way
27%
Fifty Most Essential New Wave Singles
Don't Go
26.8%
Ten Most Synthesized New Wave Singles Of All Time
Don't Go
26.8%
Ten Most Synthesized New Wave Singles Of All Time
Here Comes The Rain Again
26.6%
Ten Weirdest New Wave Singles
Money
25.6%
Top Twenty Essential New Wave Albums
Meat Is Murder
25.3%
Fifty Most Essential New Wave Singles
I Got You
24.6%
Fifty Most Essential New Wave Singles
One Thing Leads To Another
24.3%
List
Song/Album
% Correct
Top Twenty Essential New Wave Albums
Parallel Lines
24%
Fifty Most Essential New Wave Singles
Boys Don't Cry
22.7%
Ten Weirdest New Wave Singles
Never Say Never
22.7%
Ten Best New Wave Singles
Save It For Later
22.1%
Fifty Most Essential New Wave Singles
Save It For Later
22.1%
Fifty Most Essential New Wave Singles
Radio Radio
21.7%
Top Twenty Essential New Wave Albums
The Pretenders
20.6%
Top Twenty Essential New Wave Albums
Remain In Light
19.7%
Ten Weirdest New Wave Singles
(I Can't Get No) Satisfaction
18.1%
Fifty Most Essential New Wave Singles
Der Kommissar
17.9%
Ten Most Synthesized New Wave Singles Of All Time
Borderline
17.2%
Top Twenty Essential New Wave Albums
Beauty And The Beat
17%
Top Twenty Essential New Wave Albums
Outlandos d'Amour
16.6%
Top Twenty Essential New Wave Albums
Vienna
15.9%
Fifty Most Essential New Wave Singles
Goodbye To You
13.9%
Fifty Most Essential New Wave Singles
Destination Unknown
13.6%
Top Twenty Essential New Wave Albums
This Year's Model
13.3%
Top Twenty Essential New Wave Albums
Psychocandy
13.3%
Fifty Most Essential New Wave Singles
Life During Wartime
12.7%
Top Twenty Essential New Wave Albums
Power, Corruption & Lies
12.2%
Top Twenty Essential New Wave Albums
Upstairs At Eric's
12.1%
Top Twenty Essential New Wave Albums
Freedom Of Choice
11.3%
Top Twenty Essential New Wave Albums
Entertainment!
11.3%
Fifty Most Essential New Wave Singles
Oh L'Amour
10.8%
Ten Guiltiest Pleasure New Wave Songs
Oh L'Amour
10.8%
Ten Most Rockin' New Wave Singles
(What's So Funny 'Bout) Love, Peace, And Understanding
10.8%
Top Twenty Essential New Wave Albums
Metal Box
10.8%
Fifty Most Essential New Wave Singles
Everything Counts
9.2%
Top Twenty Essential New Wave Albums
Argybargy
8.8%
Top Twenty Essential New Wave Albums
Killing Joke
8.5%
Fifty Most Essential New Wave Singles
Spellbound
8.5%
Top Twenty Essential New Wave Albums
English Settlement
7.9%
Top Twenty Essential New Wave Albums
Night And Day
7.8%
Fifty Most Essential New Wave Singles
Spirits In The Material World
7.2%
Top Twenty Essential New Wave Albums
17 Seconds
6.9%
Ten Weirdest New Wave Singles
Happy House
6%
Ten Weirdest New Wave Singles
New York New York
3.3%
Ten Weirdest New Wave Singles
Demolition Man
3%
Ten Weirdest New Wave Singles
Lightnin' Strikes
2.5%
Ten Most Rockin' New Wave Singles
Truth Hits Everybody
1.6%
Quiz Playlist
Details
Report
Send in Message
Add To Playlist
Classic:
Type in answers that appear in a list
Last Updated: Feb 16, 2017
Editor Pick in
Music
Quiz Scoreboard
CHALLENGE
Sign Up to Join the Scoreboard
Show All
Scores
Hide
Comments
May contain spoilers
Recently Published
Movies - When Are They Set?
by FPL_Elf
Movies
5m
Popular People in 1961
by mucciniale
History
6m
1-10 Letter E Words III
by El_Dandy
Language
2m
More to Explore
Quiz From the Vault
Featured Blog Post
Where Did the Easter Bunny Come From?
hide this ad
You Might Also Like...
Tags
Album Quiz
Song Quiz
1980s
New Wave
Today's Top Quizzes in Music
Browse Music
hide this ad
Today's Top Quizzes in Album
Browse Album
Top Contributed Quizzes in Music
1
Taylor Swift All Songs (2024)
2
2010s Album by Cover III
3
One Thing in Common: Music
4
Guess the Artist- 70s Songs
5
Taylor Swift Logic Puzzle
6
Guess the Taylor Swift song (Mystery Song)
7
2010s Album by Cover IV
8
2010s Album by Cover V
9
KPOP LOGIC QUIZ
10
2010s Album by Cover VI
Explore More
Trending Topics
Crossword
Disney
NBA
Kpop
Harry Potter
Marvel
Anime
Soccer
Country
The Office
Pokémon
NFL
Song
Puzzle
WWE
hide this ad
More By:
Talkinghead
Quiz
Plays
Rating
Category
Featured
Created
50 Greatest Live Albums Of All Time
19,323
4.37
Music
May 5, 2015
100 Greatest Alternative/Indie Songs
9,422
4.61
Music
Apr 20, 2013
100 Greatest New Wave Songs
5,494
4.79
Music
Feb 24, 2013
The 500 Greatest Albums Of All Time (1-100)
4,657
4.21
Music
May 31, 2012
The Top 1000 Rock Artists Of All Time (1-200)
3,250
3.76
Music
Sep 29, 2012
Go to Creator's Profile
Score Distribution
Quiz Creator Spotlight
Talkinghead
Follow
Send a Message
Quizzes Created
-
Created Quiz Play Count
-
More By This Creator
Popular Quizzes Today
1
Find the Countries of Europe - No Outlines Minefield
2
Find the US States - No Outlines Minefield
3
The Countries of the World
4
Popular People in 1961
5
1-10 Letter E Words III
6
US States
7
Find the US States
8
One Thing in Common: World Cities II
More Music Quizzes
Taylor Swift Albums by Color
Quiz Lab
Trending Quizzes
Risky Map Clicking: Least Populous States A-Z
Humor Books: The Subtitles
1-10 Letter F Words
1-10 Letter G Words
One Thing in Common: United Kingdom
Recently Updated
Leaping Animals
pecheneg
Reality TV Shows (A-Z)
bhenderson79
Rickey Henderson's Hall of Fame Teammates
pecheneg
Champions League XIs: Arsenal
pecheneg
Quick Pick: Celebrities in WWE's Hall of Fame
aduchscher
A-Z Keypad Blitz II
pecheneg
Multiple Oscar Actors
pecheneg
Mystery Phrase Blitz: Oscar 'Best Actors'
pecheneg
F. Scott Fitzgerald Novels
LTH
Pick 3 Villains
ddd62291
Trending Topics
Disney
NBA
Anime
Marvel
Crossword
Harry Potter
Kpop
Soccer
NFL
The Office
Pokémon
Song
Puzzle
WWE
Country
Your Account Isn't Verified!
In order to create a playlist on Sporcle, you need to verify the email address you used during registration. Go to your
Sporcle Settings
to finish the process.
Report this User
Report this user for behavior that violates our
Community Guidelines
.
Details:
Send Report
Go to the Sporcle.com Mobile Site →
Comments